Hormones - Statistics

General Stats
  • This quiz has been taken 145 times
  • The average score is 9 of 15
Answer Stats
Function Producer Hormone % Correct
male sex hormone testicles Testosterone
93%
decreases rate of blood sugar pancreas Insulin
91%
female sex hormone ovary Estrogen
90%
increases heart rate adrenal gland Adrenaline
85%
increases rate of blood sugar pancreas Glucagon
69%
maintains pregnancy ovary Progesterone
66%
controls daily rhythm pineal gland Melatonin
57%
childbirth and breastfeeding hypothalamus Oxytocin
57%
stimulates metabolism and growth thyroid Thyroxine
51%
lactation hypophysis Prolactin
47%
stimulates growth and cell reproduction hypophysis Somatotropin
46%
converts protein into glucose adrenal gland Cortisol
44%
conservation of body water hypophysis ADH
38%
develops egg or sperm cells hypophysis FSH
37%
inhibits the flow of the above hypothalamus Dopamine
22%
No matching quizzes found
Score Distribution
Percent of People with Each Score
Percentile by Number Answered
Your Score History
You have not taken this quiz